Welcome to the Holygrace Academy Library

Please use search bar below to get started

MADHAVIKUTTYUDE PREMAKATHAKAL (Record no. 4935)

MARC details
000 -LEADER
fixed length control field 00326nam a22001457a 4500
020 ## - INTERNATIONAL STANDARD BOOK NUMBER
ISBN 81-88779-50-4
082 ## - DEWEY DECIMAL CLASSIFICATION NUMBER
Classification number 894.812.3
Item number MAD/P
100 ## - MAIN ENTRY--AUTHOR NAME
Personal name MADHAVIKUTTY
245 ## - TITLE STATEMENT
Title MADHAVIKUTTYUDE PREMAKATHAKAL
260 ## - PUBLICATION, DISTRIBUTION, ETC. (IMPRINT)
Place of publication KOZHIKODE
Name of publisher OLIVE PUBLICTIONS
Year of publication 2008
300 ## - PHYSICAL DESCRIPTION
Number of Pages 239
520 ## - SUMMARY, ETC.
Summary, etc NOVEL
650 ## - SUBJECT ADDED ENTRY--TOPICAL TERM
Topical Term NOVEL
942 ## - ADDED ENTRY ELEMENTS (KOHA)
Koha item type Books
Holdings
Withdrawn status Lost status Collection code Home library Current library Shelving location Date acquired Source of acquisition Cost, normal purchase price Full call number Accession Number Koha item type
    Fiction Main Library Main Library SHELF-16- J- MALAYALAM NOVELS,FICTIONS 07/11/2006 Purchase 125.00 894.812.3 MAD/P 09805 Books